000 00686cam a2200241 4500
008 090401t1998 xxu||||| |||| 00| 0 eng d
020 _a1860812155
035 _a(Sirsi) u88275
041 _aeng
050 _a698.12
100 _aHunter, C.A.
245 _aResistance of masonry paints to microbial attack.
260 _aLondon
_bConstruction Research Communications Ltd
_c1998
300 _a4p. : ill. ; 30cm.
350 _a0
490 _aBRE Information Paper
_vIP 10/98
650 _aMASONRY PAINTS
650 _aMICROBIAL GROWTH
690 _aBUILT ENVIRONMENT-BUILDING PATHOLOGY
710 _aBuilding Research Establishment
942 _n0
948 _c03/09/1998
999 _c97321
_d97321